Historia del movimiento indígena en Simojovel 1970-1989 / (Record no. 28309)
[ view plain ]
| 000 -CABECERA | |
|---|---|
| campo de control de longitud fija | 00878nam a2200229 a 4500 |
| 005 - FECHA Y HORA DE LA ÚLTIMA TRANSACCIÓN | |
| campo de control | 20240827063713.0 |
| 008 - ELEMENTOS DE LONGITUD FIJA--INFORMACIÓN GENERAL | |
| campo de control de longitud fija | 991125s1996 mx 000 0 spa u |
| 035 ## - NÚMERO DE CONTROL DEL SISTEMA | |
| Número de control de sistema | UPN01000028309 |
| 049 ## - COLECCIÓN | |
| Colección | CG |
| 050 #4 - SIGNATURA TOPOGRÁFICA DE LA BIBLIOTECA DEL CONGRESO | |
| Número de clasificación | F1219.1 CH2 |
| Número de documento/Ítem | T6.3 |
| 100 1# - ASIENTO PRINCIPAL--NOMBRE PERSONAL | |
| Nombre de persona | Toledo Tello, Sonia |
| 245 10 - MENCIÓN DE TÍTULO | |
| Título | Historia del movimiento indígena en Simojovel 1970-1989 / |
| Mención de responsabilidad, etc. | Sonia Toledo Tello, Jaime Tomás Page Pliego. |
| 260 ## - PUBLICACIÓN, DISTRIBUCIÓN, ETC. | |
| Lugar de publicación, distribución, etc. | Tuxtla Gutiérrez : |
| Nombre del editor, distribuidor, etc. | UNACH, |
| Fecha de publicación, distribución, etc. | 1996. |
| 300 ## - DESCRIPCIÓN FÍSICA | |
| Extensión | 285 p. |
| 440 #0 - MENCIÓN DE SERIE/ASIENTO SECUNDARIO--TÍTULO | |
| Título | Monografías ; |
| Designación de volumen o secuencia | 6 |
| 501 ## - NOTA DE "CON" | |
| Nota de “Con” | Con: Religión y política en el consumo de prácticas médicas en una comunidad Tzotzil / Jaime Tomás Page Pliego |
| 650 #4 - ASIENTO SECUNDARIO DE MATERIA - TERMINO TEMATICO | |
| Término de materia o nombre geográfico como elemento de entrada | Indígenas de México |
| Subdivisión geográfica | Chiapas |
| 9 (RLIN) | 8413 |
| 650 #4 - ASIENTO SECUNDARIO DE MATERIA - TERMINO TEMATICO | |
| Término de materia o nombre geográfico como elemento de entrada | Tzotziles |
| 9 (RLIN) | 12308 |
| 700 1# - ASIENTO SECUNDARIO--NOMBRE DE PERSONAL | |
| Nombre de persona | Page Pliego, Jaime Tomás, |
| Término indicativo de función/relación | coaut. |
| 740 0# - ASIENTO SECUNDARIO - TÍTULOS RELACIONADOS /ANALITICOS NO CONTROLADOS | |
| Título relacionado o analítico no controlado | Religión y política en el consumo de prácticas médicas en una comunidad Tzotzil |
| 905 ## - TIPO DE MATERIAL | |
| Tipo de material | Libro |
| Estado de retiro | Estado de pérdida | Fuente del sistema de clasificación o colocación | Estado dañado | No para préstamo | Código de colección | Localización permanente | Ubicación/localización actual | Ubicación en estantería | Total de préstamos | Clasificación | Código de barras | Fecha visto por última vez | Número de copia | Tipo de ítem Koha |
|---|---|---|---|---|---|---|---|---|---|---|---|---|---|---|
| Library of Congress Classification | Colección General | Bib. Gregorio Torres Quintero | Bib. Gregorio Torres Quintero | Planta baja | 6 | F1219.1 CH2 T6.3 | 141003 | 31/12/2020 | 1 | Libro |
